ბათუმის შოთა რუსთაველის სახელმწიფო უნივერსიტეტის ბიბლიოთეკა

რჩეული თხზულებანი : 2 ტომად. ტ. 1. (ბიბ.ჩანაწერი № 50984)

000 -LEADER
fixed length control field 00912nam a2200217Ia 4500
001 - CONTROL NUMBER
control field 17941
003 - CONTROL NUMBER IDENTIFIER
control field GE_BSU
008 - FIXED-LENGTH DATA ELEMENTS--GENERAL INFORMATION
fixed length control field 181216s||||||||xx |||||||||||||| ||und||
040 ## - CATALOGING SOURCE
Transcribing agency GE_BSU
080 ## - UNIVERSAL DECIMAL CLASSIFICATION NUMBER
Universal Decimal Classification number 821.353.1 + 821.353.1-1
100 ## - MAIN ENTRY--PERSONAL NAME
Personal name მოსაშვილი, ი.
245 ## - TITLE STATEMENT
Title რჩეული თხზულებანი : 2 ტომად. ტ. 1.
245 ## - TITLE STATEMENT
Statement of responsibility, etc. რედ.რ.ბეჟანიშვილი. მხატვ.ჯ.ყავლაშვილი
260 ## - PUBLICATION, DISTRIBUTION, ETC.
Place of publication, distribution, etc. თბილისი
260 ## - PUBLICATION, DISTRIBUTION, ETC.
Name of publisher, distributor, etc. საბჭ. საქართველო
260 ## - PUBLICATION, DISTRIBUTION, ETC.
Date of publication, distribution, etc. 1959
300 ## - PHYSICAL DESCRIPTION
Extent 431 გვ. : ფაქს., 1 ფ. პორტრ 23 სმ
300 ## - PHYSICAL DESCRIPTION
Accompanying material ბოლოსიტყვაობა: "ილო მოსაშვილი - ელიზბარ უბილავა", გვ. 417-424
653 ## - INDEX TERM--UNCONTROLLED
Uncontrolled term რჩეული თხზულებანი
942 ## - ADDED ENTRY ELEMENTS (KOHA)
Koha item type წიგნი
ეგზემპლარები
Withdrawn status Lost status Damaged status Not for loan Date acquired Barcode Date last seen Price effective from Koha item type
        2018-12-17 22403 2018-12-17 2018-12-17 წიგნი